000 01070nam a2200205 a 4500
001 42881
005 20180714021222.0
008 140415s1999 mx 000 0 spa d
020 _a9688593745
041 _aspa
082 _a370.972482
_bPAL
100 1 _aPALOMERA, ESTEBAN J.
245 1 3 _aLA OBRA EDUCATIVA DE LOS JESUITAS EN PUEBLA 1578-1945
250 _a1a ed.
260 _aMEXICO :
_bUNIVERSIDAD IBEROAMERICANA,
_c1999
300 _a431
_cx 13 x 21
500 _aCOLECCIÓN PUEBLA
520 _aEN ESTE LIBRO SE PRESENTA UNA SISTEMATIZACION DE DATOS, ADEMAS DE UNA EXORTACION TACTICA A ACTUALIZAR DE MANERA CONSTANTE LAS CARACTERISTICAS Y LINEAMIENTOS DE LA TAREA EDUCATIVA DE LA COMPAÑIA DE JESUS Y DE LOS SUJETOS INVOLUCRADOS EN ELLAS. JUNTO CON LA INFORMACION ACERCA DE LOS ACONTECERES EDUCATIVOS EN PUEBLA, Y LAS EVOCACIONES QUE SUSCITARAN EN QUIENES ESTAN CERCANOS AL MEDIO, LA OBRA DESPERTARA EN EL LECTOR PREGUNTAS REFERIDAS AL PASADO, PRESENTE Y FUTURO DE LA LABOR DE LOS JES
650 1 4 _aJESUITAS
_xEDUCACION
_xJESUITAS
_xPUEBLA
999 _c42881
_d42881